| 000 | 00404nam a2200157Ia 4500 | ||
|---|---|---|---|
| 005 | 20250303103522.0 | ||
| 008 | 231217s9999 xx 000 0 und d | ||
| 020 | _a9788131406441 | ||
| 082 | _a608.7054 NAR;5 | ||
| 100 | _aNarasimha Rao, A V ed. | ||
| 245 | 0 | _aLaw of patents : a prologue | |
| 260 |
_c2006 _bIcfai _aHyderabad |
||
| 300 | _avii, 254 | ||
| 650 | _aLaw,patents,prologue | ||
| 942 | _cAA | ||
| 999 |
_c190399 _d190399 |
||